Zdravotné poisťovne a politika zdravia

Zameranie na vymedzenie miesta a významu zdravotných poisťovní v podmienkach Slovenskej republiky. Z hľadiska podpory politiky zdravia špecifikácia vybraných produktov existujúcich zdravotných poisťovní, ktoré sa môžu aktívne podieľať na zlepšovaní zdravia poistencov, ale aj pomáhať pri uplat...

Full description

Saved in:
Bibliographic Details
Main Author: Lieskovská, Vanda, 1961-
Format: Book Chapter
Language:Slovak
Subjects:
Tags: Add Tag
No Tags, Be the first to tag this record!

MARC

LEADER 00000naa$a2200000$$$4500
001 0260352
005 20240502074124.8
041 0 |a slo 
044 |a SK 
245 1 0 |a Zdravotné poisťovne a politika zdravia  |c Vanda Lieskovská 
520 |a Zameranie na vymedzenie miesta a významu zdravotných poisťovní v podmienkach Slovenskej republiky. Z hľadiska podpory politiky zdravia špecifikácia vybraných produktov existujúcich zdravotných poisťovní, ktoré sa môžu aktívne podieľať na zlepšovaní zdravia poistencov, ale aj pomáhať pri uplatňovaní zdravého životného štýlu a osobnej zodpovednosti poistencov. Poukázanie na dôležitosť marketingu a produktovej politiky každej zdravotnej poisťovne, ktorá sa usiluje o udržanie, ale aj eventuálne zvýšenie poistného kmeňa vlastných poistencov. Tomu uspôsobuje následne aj ponuku produktov. 
610 2 0 |a poisťovne zdravotné 
610 2 0 |a zdravie 
610 2 0 |a politika zdravotná 
100 1 |a Lieskovská, Vanda, 1961-